| 000 | 00374nam a2200133Ia 4500 | ||
|---|---|---|---|
| 008 | 220217s9999||||xx |||||||||||||| ||und|| | ||
| 020 | _a81-219-1708-5 | ||
| 082 | _a510 RAN | ||
| 100 | _aRanganath, G.K | ||
| 245 | 0 | _aText book of B.Sc. mathematics for second semister | |
| 260 |
_aS. Chand & company Ltd. _bBangalore _c1990 |
||
| 300 | _b100 | ||
| 650 | _aMATHEMATICS | ||
| 999 |
_c173810 _d173810 |
||